000 00331nam a22001217a 4500
020 _a0-19-577550-3
082 _a923.295491 KHA'J
100 _aKHAIRI, SAAD R
_967349
245 _aJINNAH REINTERPRETED , THE JOURNEY FROM INDIAN NATIONALISM
260 _aKARACHI
_bOXFORD UNIVERSITY PRESS
_c1995
300 _aXX,495P
942 _cBK
999 _c575151
_d575151